000 00385pab a2200157 454500
008 180718b2009 xxu||||| |||| 00| 0 eng d
100 _aAlwis, Malathi De
245 _aPostnational location as political practice
260 _c2009
300 _ap.51-53.
362 _a7 Mar
650 _aGlobalization
773 _aEconomic and Political Weekly
908 _aN
909 _a81653
999 _c81653
_d81653